North Korea Multiple Choice - Statistics

General Stats
  • This quiz has been taken 205 times
  • The average score is 7 of 20
Answer Stats
Question Answer % Correct
How many TV channels does North Korea have? 3
69%
What does North Korea claim 100% of their population is? Literate
69%
Which article of clothing is outlawed in North Korea? Blue Denim Jeans
63%
Which of these is illegal in North Korea? Religion
63%
Who is a personal friend of Kim Jong Un? Dennis Rodman
50%
How old was Kim Jong Il when he supposedly learned to walk? 3 weeks
44%
What does North Korea claim is the happiest country in the world? China
44%
Which of these drugs is legal in North Korea? Marijuana
44%
What year is it currently in North Korea? 107
38%
What were all teachers required to learn to play at one point? Accordian
38%
How many authorized haircuts are there for men in North Korea? 10
31%
What can Kim Jong Un supposedly do? Control the Weather
31%
How often does North Korea cut its people’s power? Every Night
31%
What is Kim Jong Il claimed to have done Gotten 11 Hole-in-Ones on his first golf game
31%
One of the largest amusement parks in North Korea is located in Rungna and is called a what? People Pleasure Ground
25%
In the last three minutes of a basketball game, how much are field goals worth in North Korea? Eight Points
19%
Who is technically the current leader of North Korea? Kim-Il Sung
13%
What has North Korea been known to call the United States? American Empire
6%
Which of these films was one of Kim Jong Il’s favorite? Friday the 13th
0%
Which mode of transportation is very popular in Pyongyang? Rollerblading
0%
No matching quizzes found
Score Distribution
Percent of People with Each Score
Percentile by Number Answered
Your Score History
You have not taken this quiz